| 000 | 00358 a2200109 4500 | ||
|---|---|---|---|
| 001 | ART_16200 | ||
| 005 | 20260410161853.0 | ||
| 008 | 260409a | ||
| 245 | 1 | 0 | _aCorrientes críticas del derecho |
| 100 | 1 | _aLandry, Mariano | |
| 773 | 0 |
_tFilosofía del derecho _gCuestiones epistemológica y normativas - Año I, Nº 2 (dic. 2012) _wREV10449 |
|
| 999 |
_c25185 _d25185 |
||